Viết các ghi chép điền dã dân tộc học

Thể hiện lại các ghi chép của tác giả trong suốt quá trình nghiên cứu dân tộc học

שמור ב:
מידע ביבליוגרפי
מחבר ראשי: Emerson, Robert M.
פורמט: ספר
שפה:Undetermined
יצא לאור: Hà Nội Tri thức 2014
נושאים:
תגים: הוספת תג
אין תגיות, היה/י הראשונ/ה לתייג את הרשומה!
Thư viện lưu trữ: Trung tâm Học liệu Trường Đại học Cần Thơ
LEADER 00778nam a2200205Ia 4500
001 CTU_215428
008 210402s9999 xx 000 0 und d
020 |c 98000 
082 |a 305.8 
082 |b E53 
100 |a Emerson, Robert M. 
245 0 |a Viết các ghi chép điền dã dân tộc học 
245 0 |c Robert M. Emerson, Rachel I. Fretz, Linda L. Shaw ; Ngô Thị Phương Lan, Trương Thu Hằng dịch 
260 |a Hà Nội 
260 |b Tri thức 
260 |c 2014 
520 |a Thể hiện lại các ghi chép của tác giả trong suốt quá trình nghiên cứu dân tộc học 
650 |a Ethnology,Dân tộc học 
904 |i Nguyên 
980 |a Trung tâm Học liệu Trường Đại học Cần Thơ